| 000 | 00365nam a2200133Ia 4500 | ||
|---|---|---|---|
| 005 | 20260328101520.0 | ||
| 008 | 260328s9999||||xx |||||||||||||| ||und|| | ||
| 100 | _aBlachere, Gerard | ||
| 245 | 0 |
_aSavoir batir : _b Habitabilité, durabilité, economie des bastiments / _cGerard Blachere |
|
| 260 | _bEyrolles | ||
| 300 | _a331 p. | ||
| 650 | _aURBANISMO | ||
| 942 | _cBK | ||
| 999 |
_c9542 _d9542 |
||